| 000 | 01184nam a22002297a 4500 | ||
|---|---|---|---|
| 999 |
_c63033 _d63033 |
||
| 003 | Ge_BSU | ||
| 005 | 20250515101554.0 | ||
| 008 | 250515s2014 ge ||||| |||| 00| 0 geo d | ||
| 020 | _a9789941133466 | ||
| 041 | _ageo | ||
| 080 | _a544.7(075.8) რ-97 | ||
| 100 |
_aრუხაძე, მარინა _925045 |
||
| 245 |
_aკოლოიდური ქიმიის საფუძვლები : _b[სახელმძღვ.] / _cმარინა რუხაძე, შოთა სიდამონიძე; რედ. მაკა ალექსიშვილი; ივანე ჯავახიშვილის სახ. თსუ. |
||
| 264 |
_aთბილისი : _bთბილ. უნ-ტის გამ-ბა, _c2014. |
||
| 300 |
_a204 გვ. : _bნახ. ; _c24 სმ. |
||
| 504 | _aბიბლიოგრ.: გვ. 202. | ||
| 653 | _aკოლოიდური ქიმია | ||
| 700 |
_aსიდამონიძე, შოთა _eავტორი _92671 |
||
| 700 |
_aალექსიშვილი, მაკა _eრედაქტორი _925046 |
||
| 710 |
_aთსუ. _925047 |
||
| 942 |
_2udc _cᲬᲘᲒᲜᲘ |
||